000 00913nam0a22002651 4500
001 rc\4246543
005 20250612025734.0
021 _aRU
_b[64-8546]
035 _a(NLR Aleph) 008473648
090 _a7945722
_c7945722
100 _a20130416d1964 |||y0rusy50 ca
101 0 _arus
102 _aRU
105 _ay z |||a|
200 1 _aЛесная песня
_eДокум. повесть
210 _aМосква
_cЗнание
_d1964
215 _a48 с.
_d22
225 1 _aНовое в жизни, науке, технике
_h10 серия
_iМолодежная
_v1
606 _aНоваторы и передовики лесной промышленности
_yКостромская область
_2psbo
700 1 _aБаблюк
_bБ.Т.
_f1921-
_gБорис Тимофеевич
801 0 _aRU
_bNLR
_gpsbo
801 1 _aRU
_bELAR
_2rusmarc
852 _aNLR
_j64-6/2177
942 _cBOOK
980 _aNB